| 000 | 00558nam a2200193Ia 4500 | ||
|---|---|---|---|
| 005 | 20221118125458.0 | ||
| 008 | 131103s9999 xx 000 0 und d | ||
| 040 | _aLoreto College | ||
| 041 | _aEnglish | ||
| 082 |
_a954.03 _bMEI |
||
| 100 | _aMetcalf,Thomas R. | ||
| 245 | 4 |
_aThe aftermath of revolt _b India, 1857 - 1870 _cThomas R.Metcalf |
|
| 260 |
_aLondon _bPrinceton University Press _c1965 |
||
| 300 | _axi,352 p. | ||
| 504 | _aIncludes index and bibliographical references | ||
| 650 | _aIndian Modern History | ||
| 850 | _aLCLIB | ||
| 942 | _cBK | ||
| 999 |
_c9837 _d60316 |
||